00642nam a2200169Ia 450000500170000000800410001702000150005808200130007324500710008626000450015730000170020250001180021970000190033794200060035695200950036299900150045720250108002429.0240331s9999 xx 000 0 und d a0195625870 bSUBa950 0aSubaltern studies V :bwritings on South Asian History and Society aNew DelhibOxford University Pressc1987 aix, 296 p ., aThe Fifth volume of Subaltern Studies comprises of five essays and two discussion pieces on the Subaltern Project aGuha, R. eedt cL 001040708LaWERCLbWERCLcSSCd2024-03-31l0o 950 SUBp3641r2024-03-31w2024-03-31yL c3519d3519